Регионална библиотека "Любен Каравелов" - Русе

Войните на Амтрак (Запис номер 99143)

MARC детайли
000 -Лидер
Контролно поле с фиксирана дължина 01486nam a2200349 c 4500
003 - Код на организацията, давaща контролен номер
Контролно поле BLK
005 - Дата и час на последна редакция
Контролно поле 20200116155058.0
008 - Елементи от данни с фиксирана дължина
fixed length control field 180409b bul|||||r ||||||| ||bul||
010 ## - Наследен системен номер
LC control number KNG00104139000
020 ## - Международен стандартен номер на книга ISBN
Международен стандартен номер на книга ISBN 954-585-381-6
-- издат.: Бард - на том(кн. 3)
040 ## - Източник на каталожния запис
Идентификатор на билиотеката - собственик на записа BLK
041 ## - Код за език
Код за езика на текст/звукозапис или на отделно заглавие Български
Код за езика КДБФ Български
080 ## - УДК
Текстов определител УДК Американска литература (на САЩ)
УДК код - определител по УДК 821.111(73)
УДК определител -312.9
УДК - код + определител 821.111(73)-312.9
100 1# - Редна дума - Автор
Автор Тили, Патрик
Авторска отговорност първи автор
R(LIN) 307541
139 ## - Редно поле
Редна дума Тили, Патрик
Авторски знак Ти - Т 54
245 10 - Сведения за заглавието
Заглавие Войните на Амтрак
Подзаглавни данни Фантаст. роман : Кн. 1 -
Редно поле (дума) Патрик Тили; прев. Георги Стоянов.
Том Кн. 3
Заглавие на том Майсторите на желязо
257 ## - Страна на издаване
Страна на създаване/издаване Съединени американски щати
260 ## - Област на издателските данни
-- София
Година на издаване 2002 -
Печатница Хасково : Полиграфюг
300 ## - Физическа характеристика
Размери/Мащаб 20 см
380 ## - Жанр
Жанр Худож. лит.
490 1# - СЕРИИ (Колекции)
Име на серия Серия 3000 : Фантастика
500 ## - Общи забележки
Забележка Ориг. загл. The Amtrak Wars / Patrick Tilley. - Офс. изд.
653 ## - Ключова дума – ненормативна
Ключова дума романи
653 ## - Ключова дума – ненормативна
Ключова дума фантастика
700 1# - Други автори (авторска отговорност)
Лично име Стоянов, Георги
Автороска отговорност (Описва отношението между автора и произведението) прев.
9 (RLIN) 363499
760 1# - Описание на основната серия
-- - на том(кн. 3)
Редна дума на основното описание Тили, Патрик
Място на издаване, издател и година Бард, 2002
Страници - том 432 с.
Забележка - том Ориг. загл. Iron Master / Patrick Tilley.
Заглавие Кн. 3 Майсторите на желязо
852 ## - Местоположение
Форматна сигнатура Цб 212636
856 4# - Електронен адрес и достъп
Електронен формат pdf - файл
Път до файла /url/
856 4# - Електронен адрес и достъп
Електронен формат pdf - файл
Път до файла /url/
942 ## - АРТИКУЛИ
Вид на библиотечния материал Книги
Скрит в OPAC Не
Koha issues (borrowed), all copies 1
944 ## - СЪЗДАВАНЕ И РЕДАКЦИЯ на ЗАПИСА
Създаване/Редакция Създаване
Дата на регистрацията/редакция 01.01.2002
Служител, извършил регистрацията/редакцията Людмила_Стоянова
944 ## - СЪЗДАВАНЕ И РЕДАКЦИЯ на ЗАПИСА
Създаване/Редакция Редакция
Дата на регистрацията/редакция 19.03.2004
Служител, извършил регистрацията/редакцията
999 ## - СИСТЕМНИ КОНТРОЛНИ НОМЕРА
Koha biblionumber 99143
Koha biblioitemnumber 99143
Наличности
Код за отписване Код за изгубен артикул Източник на класификационната схема Код за повреда Коз за рестрикции Код за отдаване Артикулен № Име на библиотеката - собственик Име на библиотеката, в която се намира в момента Статус (Текущо местоположение) Дата на вписване в системата Местоположение - отдел Цена в лева Инвентарен номер Систематично азбучна сигнатура Баркод Номер на екземпляра Цена в евро Служебна бележка Служебен тип на артикула
  Не е изгубен Universal Decimal Classification Не е повреден без рестрикции заемане за дома 159715 Регионална библиотека "Любен Каравелов" Русе Регионална библиотека "Любен Каравелов" Русе Заемна - подръчен фонд 2002-11-12 Заемна - подръчен фонд 6.99 120000673251 П 820(73)-31/Т 54 120000673251 1 3.57 Дост: Pk Вид: Ф N: 37 Дата: 12.11.2002 Дата инв: 14.02.2018 Бележки инв: П2018 Книги
  Не е изгубен   Не е повреден без рестрикции ползва се в читалня 159716 Регионална библиотека "Любен Каравелов" Русе Регионална библиотека "Любен Каравелов" Русе Хранилище 2004-02-20 Хранилище 6.99 120000682981 Цб 212636 120000682981 2 3.57 Дост: Dp Вид: Д N: 14 Дата: 19.03.2003 Книги
Vip Innovations Ltd, Rousse, Bulgaria 2025